[Event "April 9 Early 2024"]
[Site "Chess.com"]
[Date "2024.04.09"]
[Round "4"]
[White "Czerwonski, Aleksander"]
[Black "Gontcharov, Vladislav"]
[Result "1/2-1/2"]
[Board "180"]
[WhiteFideId "1100459"]
[BlackFideId "4123492"]
[WhiteTitle "IM"]
[WhiteElo "2398"]
[BlackElo "2578"]
[WhiteTeam "POL"]
[BlackTeam "RUS"]
[WhiteClock "0:00:06"]
[BlackClock "0:00:13"]
[Variant "Standard"]

1. d4 {[%clk 0:03:00]}  Nf6 {[%clk 0:02:59]} 2. c4 {[%clk 0:02:59]}  c5 {[%clk 0:02:59]} 3. d5 {[%clk 0:02:58]}  e6 {[%clk 0:02:59]} 4. Nc3 {[%clk 0:02:57]}  exd5 {[%clk 0:03:00]} 5. cxd5 {[%clk 0:02:56]}  d6 {[%clk 0:03:00]} 6. e4 {[%clk 0:02:56]}  g6 {[%clk 0:03:00]} 7. f3 {[%clk 0:02:54]}  Bg7 {[%clk 0:03:00]} 8. Nge2 {[%clk 0:02:53]}  O-O {[%clk 0:03:00]} 9. Ng3 {[%clk 0:02:52]}  a6 {[%clk 0:02:44]} 10. a4 {[%clk 0:02:50]}  Nbd7 {[%clk 0:02:44]} 11. Be2 {[%clk 0:02:48]}  Rb8 {[%clk 0:02:42]} 12. O-O {[%clk 0:02:44]}  Qc7 {[%clk 0:02:42]} 13. Be3 {[%clk 0:02:37]}  c4 {[%clk 0:02:39]} 14. Qd2 {[%clk 0:02:33]}  Re8 {[%clk 0:02:35]} 15. Rfc1 {[%clk 0:02:23]}  b5 {[%clk 0:02:19]} 16. axb5 {[%clk 0:02:20]}  axb5 {[%clk 0:02:18]} 17. b4 {[%clk 0:02:20]}  Ne5 {[%clk 0:02:12]} 18. Ra7 {[%clk 0:02:14]}  Qd8 {[%clk 0:02:11]} 19. Ra5 {[%clk 0:02:07]}  Bd7 {[%clk 0:02:10]} 20. Rca1 {[%clk 0:02:03]}  h5 {[%clk 0:01:47]} 21. Nh1 {[%clk 0:01:58]}  h4 {[%clk 0:01:43]} 22. Nf2 {[%clk 0:01:57]}  Nh7 {[%clk 0:01:42]} 23. f4 {[%clk 0:01:45]}  Nd3 {[%clk 0:01:39]} 24. Bxd3 {[%clk 0:01:45]}  cxd3 {[%clk 0:01:39]} 25. Qxd3 {[%clk 0:01:45]}  f5 {[%clk 0:01:36]} 26. Bd4 {[%clk 0:01:35]}  fxe4 {[%clk 0:01:36]} 27. Ncxe4 {[%clk 0:01:29]}  Bf5 {[%clk 0:01:35]} 28. Bxg7 {[%clk 0:01:27]}  Kxg7 {[%clk 0:01:35]} 29. Ra7+ {[%clk 0:01:22]}  Re7 {[%clk 0:01:32]} 30. Qd4+ {[%clk 0:01:22]}  Kg8 {[%clk 0:01:29]} 31. Rxe7 {[%clk 0:01:12]}  Qxe7 {[%clk 0:01:29]} 32. Ra7 {[%clk 0:01:12]}  Qf8 {[%clk 0:01:15]} 33. Nxd6 {[%clk 0:01:07]}  Qf6 {[%clk 0:01:11]} 34. Qxf6 {[%clk 0:01:03]}  Nxf6 {[%clk 0:01:11]} 35. Nxf5 {[%clk 0:00:55]}  gxf5 {[%clk 0:01:11]} 36. d6 {[%clk 0:00:53]}  Rd8 {[%clk 0:01:09]} 37. Rb7 {[%clk 0:00:51]}  Rxd6 {[%clk 0:01:06]} 38. Rxb5 {[%clk 0:00:50]}  Rd4 {[%clk 0:01:00]} 39. g3 {[%clk 0:00:48]}  hxg3 {[%clk 0:00:57]} 40. hxg3 {[%clk 0:00:49]}  Kg7 {[%clk 0:00:56]} 41. Kg2 {[%clk 0:00:48]}  Kg6 {[%clk 0:00:56]} 42. Kf3 {[%clk 0:00:48]}  Rc4 {[%clk 0:00:56]} 43. Nd3 {[%clk 0:00:48]}  Rc3 {[%clk 0:00:53]} 44. Ke3 {[%clk 0:00:47]}  Ne4 {[%clk 0:00:50]} 45. Kd4 {[%clk 0:00:46]}  Rb3 {[%clk 0:00:49]} 46. Ne5+ {[%clk 0:00:45]}  Kf6 {[%clk 0:00:43]} 47. Rb6+ {[%clk 0:00:44]}  Ke7 {[%clk 0:00:41]} 48. b5 {[%clk 0:00:44]}  Nxg3 {[%clk 0:00:37]} 49. Kc4 {[%clk 0:00:43]}  Rb1 {[%clk 0:00:36]} 50. Rg6 {[%clk 0:00:42]}  Ne2 {[%clk 0:00:35]} 51. b6 {[%clk 0:00:41]}  Nxf4 {[%clk 0:00:35]} 52. Rg7+ {[%clk 0:00:39]}  Kd6 {[%clk 0:00:35]} 53. Nf7+ {[%clk 0:00:37]}  Kc6 {[%clk 0:00:34]} 54. b7 {[%clk 0:00:34]}  Ne6 {[%clk 0:00:31]} 55. Ne5+ {[%clk 0:00:32]}  Kd6 {[%clk 0:00:30]} 56. Nf7+ {[%clk 0:00:27]}  Ke7 {[%clk 0:00:26]} 57. Rh7 {[%clk 0:00:27]}  Kf6 {[%clk 0:00:20]} 58. Nd6 {[%clk 0:00:25]}  Nd8 {[%clk 0:00:20]} 59. Rd7 {[%clk 0:00:23]}  Nxb7 {[%clk 0:00:19]} 60. Nxb7 {[%clk 0:00:22]}  Rc1+ {[%clk 0:00:20]} 61. Kb3 {[%clk 0:00:20]}  f4 {[%clk 0:00:19]} 62. Kb2 {[%clk 0:00:19]}  Rc6 {[%clk 0:00:19]} 63. Na5 {[%clk 0:00:17]}  Rc8 {[%clk 0:00:18]} 64. Rd3 {[%clk 0:00:15]}  Kf5 {[%clk 0:00:18]} 65. Nb3 {[%clk 0:00:14]}  Kg4 {[%clk 0:00:18]} 66. Nd2 {[%clk 0:00:13]}  Re8 {[%clk 0:00:17]} 67. Kc2 {[%clk 0:00:11]}  Re3 {[%clk 0:00:17]} 68. Rd4 {[%clk 0:00:10]}  Kf5 {[%clk 0:00:15]} 69. Kd1 {[%clk 0:00:07]}  Re5 {[%clk 0:00:15]} 70. Rd8 {[%clk 0:00:06]}  Re3 {[%clk 0:00:14]} 71. Rf8+ {[%clk 0:00:07]}  Kg5 {[%clk 0:00:13]} 72. Rg8+ {[%clk 0:00:08]}  Kf5 {[%clk 0:00:13]} 73. Rf8+ {[%clk 0:00:08]}  Kg5 {[%clk 0:00:13]} 74. Rg8+ {[%clk 0:00:08]}  Kf5 {[%clk 0:00:14]} 75. Nf1 {[%clk 0:00:08]}  Re6 {[%clk 0:00:12]} 76. Rf8+ {[%clk 0:00:08]}  Rf6 {[%clk 0:00:13]} 77. Rd8 {[%clk 0:00:08]}  Re6 {[%clk 0:00:13]} 78. Rf8+ {[%clk 0:00:05]}  Rf6 {[%clk 0:00:13]} 79. Rxf6+ {[%clk 0:00:06]}  Kxf6 {[%clk 0:00:13]} 80. Ke2 {[%clk 0:00:06]}  Kf5 {[%clk 0:00:13]} 81. Kf3 {[%clk 0:00:07]}  Kf6 {[%clk 0:00:14]} 82. Ng3 {[%clk 0:00:07]}  fxg3 {[%clk 0:00:13]} 83. Kxg3 {[%clk 0:00:06]} 1/2-1/2

[Event "April 9 Early 2024"]
[Site "Chess.com"]
[Date "2024.04.09"]
[Round "4"]
[White "Slade, Theodore"]
[Black "Fiedorek, Michal"]
[Result "1-0"]
[Board "183"]
[WhiteFideId "426547"]
[BlackFideId "1199528"]
[BlackTitle "FM"]
[WhiteElo "2387"]
[BlackElo "2559"]
[WhiteTeam "ENG"]
[BlackTeam "POL"]
[WhiteClock "0:01:31"]
[BlackClock "0:01:22"]
[Variant "Standard"]

1. d4 {[%clk 0:03:00]}  Nf6 {[%clk 0:02:59]} 2. c4 {[%clk 0:03:01]}  e6 {[%clk 0:03:00]} 3. g3 {[%clk 0:03:01]}  d5 {[%clk 0:03:00]} 4. Bg2 {[%clk 0:03:02]}  Bb4+ {[%clk 0:03:00]} 5. Nd2 {[%clk 0:03:02]}  O-O {[%clk 0:03:00]} 6. Nf3 {[%clk 0:03:03]}  c6 {[%clk 0:03:00]} 7. O-O {[%clk 0:03:02]}  b6 {[%clk 0:02:59]} 8. Qc2 {[%clk 0:02:53]}  Bb7 {[%clk 0:02:58]} 9. a3 {[%clk 0:02:47]}  Be7 {[%clk 0:02:58]} 10. e4 {[%clk 0:02:46]}  dxe4 {[%clk 0:02:57]} 11. Nxe4 {[%clk 0:02:47]}  Nbd7 {[%clk 0:02:57]} 12. Nxf6+ {[%clk 0:02:45]}  Nxf6 {[%clk 0:02:56]} 13. Rd1 {[%clk 0:02:37]}  Qc8 {[%clk 0:02:55]} 14. Ne5 {[%clk 0:02:31]}  c5 {[%clk 0:02:48]} 15. d5 {[%clk 0:02:31]}  exd5 {[%clk 0:02:39]} 16. cxd5 {[%clk 0:02:32]}  Rd8 {[%clk 0:02:39]} 17. Nc6 {[%clk 0:02:14]}  Bxc6 {[%clk 0:02:05]} 18. dxc6 {[%clk 0:02:15]}  Qg4 {[%clk 0:01:56]} 19. Bf4 {[%clk 0:02:00]}  Nh5 {[%clk 0:01:53]} 20. c7 {[%clk 0:01:48]}  Rxd1+ {[%clk 0:01:37]} 21. Qxd1 {[%clk 0:01:30]}  Qxd1+ {[%clk 0:01:22]} 22. Rxd1 {[%clk 0:01:31]} 1-0

[Event "April 9 Early 2024"]
[Site "Chess.com"]
[Date "2024.04.09"]
[Round "4"]
[White "Halynyazow, Vepaly"]
[Black "Jimenez Almeida, Luis David"]
[Result "0-1"]
[Board "186"]
[WhiteFideId "14004020"]
[BlackFideId "22242244"]
[BlackTitle "FM"]
[WhiteElo "2375"]
[BlackElo "2553"]
[WhiteTeam "TKM"]
[BlackTeam "ESP"]
[WhiteClock "0:00:16"]
[BlackClock "0:00:57"]
[Variant "Standard"]

1. d4 {[%clk 0:03:00]}  g6 {[%clk 0:02:59]} 2. Nf3 {[%clk 0:03:00]}  Bg7 {[%clk 0:02:59]} 3. Bf4 {[%clk 0:03:00]}  d6 {[%clk 0:02:58]} 4. e3 {[%clk 0:03:00]}  Nd7 {[%clk 0:02:57]} 5. h3 {[%clk 0:02:56]}  e6 {[%clk 0:02:57]} 6. Be2 {[%clk 0:02:55]}  Ne7 {[%clk 0:02:57]} 7. O-O {[%clk 0:02:50]}  b6 {[%clk 0:02:58]} 8. c4 {[%clk 0:02:48]}  Bb7 {[%clk 0:02:57]} 9. Nc3 {[%clk 0:02:48]}  h6 {[%clk 0:02:55]} 10. Bh2 {[%clk 0:02:45]}  O-O {[%clk 0:02:54]} 11. Rc1 {[%clk 0:02:44]}  a6 {[%clk 0:02:52]} 12. b4 {[%clk 0:02:43]}  g5 {[%clk 0:02:48]} 13. a4 {[%clk 0:02:37]}  Ng6 {[%clk 0:02:47]} 14. Nd2 {[%clk 0:02:22]}  f5 {[%clk 0:02:37]} 15. Bh5 {[%clk 0:02:21]}  Nh4 {[%clk 0:02:27]} 16. g3 {[%clk 0:02:08]}  Bg2 {[%clk 0:02:05]} 17. gxh4 {[%clk 0:01:58]}  Bxh3 {[%clk 0:02:05]} 18. Bf3 {[%clk 0:01:43]}  gxh4 {[%clk 0:01:56]} 19. Bg2 {[%clk 0:01:41]}  Qg5 {[%clk 0:01:54]} 20. Qf3 {[%clk 0:01:41]}  Bg4 {[%clk 0:01:45]} 21. Qf4 {[%clk 0:01:40]}  Qg6 {[%clk 0:01:42]} 22. c5 {[%clk 0:00:54]}  e5 {[%clk 0:01:41]} 23. dxe5 {[%clk 0:00:54]}  dxe5 {[%clk 0:01:40]} 24. Qc4+ {[%clk 0:00:52]}  Kh8 {[%clk 0:01:38]} 25. Kh1 {[%clk 0:00:45]}  e4 {[%clk 0:01:33]} 26. Rg1 {[%clk 0:00:41]}  Ne5 {[%clk 0:01:30]} 27. Bxe5 {[%clk 0:00:22]}  Bxe5 {[%clk 0:01:31]} 28. Ncxe4 {[%clk 0:00:21]}  h3 {[%clk 0:01:21]} 29. Bf3 {[%clk 0:00:19]}  fxe4 {[%clk 0:00:59]} 30. Bxg4 {[%clk 0:00:17]}  Rxf2 {[%clk 0:00:57]} 31. Qxe4 {[%clk 0:00:16]}  Rh2# {[%clk 0:00:57]} 0-1

[Event "April 9 Early 2024"]
[Site "Chess.com"]
[Date "2024.04.09"]
[Round "4"]
[White "Zia, Tahsin Tajwar"]
[Black "George Samir, David"]
[Result "0-1"]
[Board "189"]
[WhiteFideId "10211888"]
[BlackFideId "10657789"]
[WhiteTitle "FM"]
[BlackTitle "FM"]
[WhiteElo "2546"]
[BlackElo "2363"]
[WhiteTeam "BAN"]
[BlackTeam "EGY"]
[WhiteClock "0:00:02"]
[BlackClock "0:00:17"]
[Variant "Standard"]

1. e4 {[%clk 0:02:55]}  c5 {[%clk 0:02:58]} 2. Nf3 {[%clk 0:02:54]}  d6 {[%clk 0:02:58]} 3. Bc4 {[%clk 0:02:54]}  Nf6 {[%clk 0:02:58]} 4. d3 {[%clk 0:02:55]}  Nc6 {[%clk 0:02:58]} 5. O-O {[%clk 0:02:55]}  e6 {[%clk 0:02:59]} 6. a4 {[%clk 0:02:56]}  Be7 {[%clk 0:02:59]} 7. Qe2 {[%clk 0:02:56]}  O-O {[%clk 0:02:58]} 8. c3 {[%clk 0:02:55]}  d5 {[%clk 0:02:58]} 9. Bb5 {[%clk 0:02:54]}  d4 {[%clk 0:02:55]} 10. Bxc6 {[%clk 0:02:43]}  bxc6 {[%clk 0:02:55]} 11. Na3 {[%clk 0:02:39]}  Ba6 {[%clk 0:02:54]} 12. cxd4 {[%clk 0:02:28]}  cxd4 {[%clk 0:02:53]} 13. Bg5 {[%clk 0:02:21]}  c5 {[%clk 0:02:41]} 14. Rfc1 {[%clk 0:02:18]}  Nd7 {[%clk 0:02:28]} 15. Bxe7 {[%clk 0:02:07]}  Qxe7 {[%clk 0:02:29]} 16. Nc4 {[%clk 0:02:03]}  Rab8 {[%clk 0:02:26]} 17. Nfd2 {[%clk 0:02:01]}  Rb4 {[%clk 0:02:25]} 18. f4 {[%clk 0:01:57]}  Rfb8 {[%clk 0:02:22]} 19. Rc2 {[%clk 0:01:56]}  f6 {[%clk 0:02:00]} 20. g4 {[%clk 0:01:31]}  Nb6 {[%clk 0:01:47]} 21. Na5 {[%clk 0:01:14]}  Qd7 {[%clk 0:01:42]} 22. b3 {[%clk 0:00:58]}  Qc7 {[%clk 0:01:28]} 23. Rf1 {[%clk 0:00:46]}  Nxa4 {[%clk 0:01:25]} 24. bxa4 {[%clk 0:00:38]}  Qxa5 {[%clk 0:01:24]} 25. g5 {[%clk 0:00:35]}  Rb2 {[%clk 0:01:07]} 26. Nc4 {[%clk 0:00:19]}  Rxc2 {[%clk 0:00:58]} 27. Qxc2 {[%clk 0:00:20]}  Qc3 {[%clk 0:00:55]} 28. Qxc3 {[%clk 0:00:17]}  dxc3 {[%clk 0:00:55]} 29. Rc1 {[%clk 0:00:17]}  Rb3 {[%clk 0:00:37]} 30. gxf6 {[%clk 0:00:14]}  gxf6 {[%clk 0:00:37]} 31. Kf2 {[%clk 0:00:07]}  Bxc4 {[%clk 0:00:34]} 32. dxc4 {[%clk 0:00:08]}  Rb2+ {[%clk 0:00:33]} 33. Kg3 {[%clk 0:00:06]}  c2 {[%clk 0:00:33]} 34. h4 {[%clk 0:00:04]}  Rb3+ {[%clk 0:00:32]} 35. Kg4 {[%clk 0:00:05]}  Rc3 {[%clk 0:00:32]} 36. e5 {[%clk 0:00:03]}  fxe5 {[%clk 0:00:31]} 37. fxe5 {[%clk 0:00:04]}  Rxc4+ {[%clk 0:00:31]} 38. Kg5 {[%clk 0:00:05]}  Kg7 {[%clk 0:00:31]} 39. Kh5 {[%clk 0:00:02]}  Kf7 {[%clk 0:00:27]} 40. a5 {[%clk 0:00:03]}  Ke7 {[%clk 0:00:25]} 41. a6 {[%clk 0:00:03]}  Kd7 {[%clk 0:00:25]} 42. Kg5 {[%clk 0:00:04]}  Kc6 {[%clk 0:00:23]} 43. h5 {[%clk 0:00:02]}  Kd5 {[%clk 0:00:21]} 44. Kh6 {[%clk 0:00:03]}  Kd4 {[%clk 0:00:19]} 45. Kxh7 {[%clk 0:00:03]}  Kc3 {[%clk 0:00:19]} 46. h6 {[%clk 0:00:03]}  Kb2 {[%clk 0:00:18]} 47. Rh1 {[%clk 0:00:03]}  c1=Q {[%clk 0:00:18]} 48. Rh2+ {[%clk 0:00:03]}  Rc2 {[%clk 0:00:17]} 49. Rh5 {[%clk 0:00:03]}  Qf4 {[%clk 0:00:16]} 50. Kg7 {[%clk 0:00:03]}  Rg2+ {[%clk 0:00:16]} 51. Kh8 {[%clk 0:00:02]}  Qf8+ {[%clk 0:00:16]} 52. Kh7 {[%clk 0:00:02]}  Qg8# {[%clk 0:00:17]} 0-1

[Event "April 9 Early 2024"]
[Site "Chess.com"]
[Date "2024.04.09"]
[Round "4"]
[White "Valle Luis, Leo"]
[Black "Cruz, William Ferreira Da"]
[Result "1-0"]
[Board "192"]
[WhiteFideId "54577187"]
[BlackFideId "2118050"]
[WhiteTitle "FM"]
[BlackTitle "FM"]
[WhiteElo "2539"]
[BlackElo "2358"]
[WhiteTeam "ESP"]
[BlackTeam "BRA"]
[WhiteClock "0:00:19"]
[BlackClock "0:00:00"]
[Variant "Standard"]

1. e4 {[%clk 0:03:00]}  e6 {[%clk 0:02:58]} 2. d4 {[%clk 0:02:59]}  d5 {[%clk 0:02:58]} 3. e5 {[%clk 0:02:59]}  c5 {[%clk 0:02:58]} 4. c3 {[%clk 0:03:00]}  Nc6 {[%clk 0:02:58]} 5. Nf3 {[%clk 0:03:01]}  Qb6 {[%clk 0:02:57]} 6. a3 {[%clk 0:03:01]}  c4 {[%clk 0:02:57]} 7. Be2 {[%clk 0:03:01]}  Bd7 {[%clk 0:02:54]} 8. Nbd2 {[%clk 0:03:02]}  Na5 {[%clk 0:02:54]} 9. h4 {[%clk 0:03:01]}  O-O-O {[%clk 0:02:42]} 10. Rb1 {[%clk 0:02:55]}  Qc7 {[%clk 0:02:19]} 11. Rh3 {[%clk 0:02:47]}  h6 {[%clk 0:02:09]} 12. b4 {[%clk 0:02:37]}  cxb3 {[%clk 0:02:07]} 13. Nxb3 {[%clk 0:02:37]}  Ba4 {[%clk 0:02:06]} 14. Nfd2 {[%clk 0:02:37]}  f6 {[%clk 0:01:51]} 15. Bg4 {[%clk 0:02:18]}  f5 {[%clk 0:01:49]} 16. Be2 {[%clk 0:02:18]}  Ne7 {[%clk 0:01:45]} 17. Bd3 {[%clk 0:02:09]}  Nec6 {[%clk 0:01:37]} 18. Bc2 {[%clk 0:02:08]}  Nxb3 {[%clk 0:01:29]} 19. Nxb3 {[%clk 0:01:59]}  Be7 {[%clk 0:01:29]} 20. Nd2 {[%clk 0:01:54]}  Bxc2 {[%clk 0:01:27]} 21. Qxc2 {[%clk 0:01:55]}  g5 {[%clk 0:01:26]} 22. h5 {[%clk 0:01:52]}  g4 {[%clk 0:01:22]} 23. Rd3 {[%clk 0:01:52]}  f4 {[%clk 0:01:14]} 24. Nb3 {[%clk 0:01:26]}  Rhf8 {[%clk 0:01:12]} 25. Bd2 {[%clk 0:01:18]}  Rf5 {[%clk 0:01:05]} 26. c4 {[%clk 0:01:11]}  dxc4 {[%clk 0:00:56]} 27. Qxc4 {[%clk 0:01:11]}  Rd5 {[%clk 0:00:46]} 28. Rc1 {[%clk 0:00:53]}  Rxh5 {[%clk 0:00:44]} 29. Ke2 {[%clk 0:00:53]}  Rh2 {[%clk 0:00:29]} 30. Bxf4 {[%clk 0:00:48]}  Rxg2 {[%clk 0:00:29]} 31. Kf1 {[%clk 0:00:46]}  Rxf2+ {[%clk 0:00:12]} 32. Kxf2 {[%clk 0:00:47]}  Bh4+ {[%clk 0:00:12]} 33. Kg2 {[%clk 0:00:42]}  Qf7 {[%clk 0:00:12]} 34. Rf1 {[%clk 0:00:41]}  Qg6 {[%clk 0:00:12]} 35. Re3 {[%clk 0:00:33]}  Be7 {[%clk 0:00:10]} 36. Bg3 {[%clk 0:00:31]}  h5 {[%clk 0:00:10]} 37. Qd3 {[%clk 0:00:27]}  Qg7 {[%clk 0:00:09]} 38. Rh1 {[%clk 0:00:20]}  Na5 {[%clk 0:00:07]} 39. Nxa5 {[%clk 0:00:19]}  Rxa5 {[%clk 0:00:07]} 40. Qc3+ {[%clk 0:00:20]}  Kb8 {[%clk 0:00:04]} 41. Qxa5 {[%clk 0:00:20]}  Qg6 {[%clk 0:00:03]} 42. Qd2 {[%clk 0:00:20]}  h4 {[%clk 0:00:02]} 43. Bxh4 {[%clk 0:00:20]}  g3 {[%clk 0:00:00]} 44. Bxg3 {[%clk 0:00:19]} 1-0

[Event "April 9 Early 2024"]
[Site "Chess.com"]
[Date "2024.04.09"]
[Round "4"]
[White "Vovk, Orest"]
[Black "Martin, Lewis"]
[Result "1-0"]
[Board "195"]
[WhiteFideId "14113490"]
[BlackFideId "410551"]
[WhiteTitle "FM"]
[BlackTitle "FM"]
[WhiteElo "2534"]
[BlackElo "2348"]
[WhiteTeam "UKR"]
[BlackTeam "ENG"]
[WhiteClock "0:01:47"]
[BlackClock "0:01:28"]
[Variant "Standard"]

1. Nh3 {[%clk 0:02:56]}  d5 {[%clk 0:02:58]} 2. Rg1 {[%clk 0:02:53]}  c5 {[%clk 0:02:56]} 3. g4 {[%clk 0:02:53]}  Nc6 {[%clk 0:02:55]} 4. c4 {[%clk 0:02:52]}  dxc4 {[%clk 0:02:53]} 5. Bg2 {[%clk 0:02:49]}  Qd6 {[%clk 0:02:44]} 6. Bxc6+ {[%clk 0:02:39]}  Qxc6 {[%clk 0:02:43]} 7. Nc3 {[%clk 0:02:37]}  h5 {[%clk 0:02:35]} 8. Nf4 {[%clk 0:02:17]}  hxg4 {[%clk 0:02:32]} 9. d3 {[%clk 0:02:12]}  Rxh2 {[%clk 0:02:17]} 10. dxc4 {[%clk 0:01:59]}  Nf6 {[%clk 0:02:10]} 11. Nfd5 {[%clk 0:01:55]}  Be6 {[%clk 0:02:00]} 12. Bf4 {[%clk 0:01:53]}  Rh5 {[%clk 0:01:53]} 13. Nc7+ {[%clk 0:01:52]}  Qxc7 {[%clk 0:01:43]} 14. Bxc7 {[%clk 0:01:52]}  Bxc4 {[%clk 0:01:36]} 15. Qa4+ {[%clk 0:01:49]}  b5 {[%clk 0:01:31]} 16. Nxb5 {[%clk 0:01:49]}  Bxb5 {[%clk 0:01:32]} 17. Qxb5+ {[%clk 0:01:48]}  Nd7 {[%clk 0:01:28]} 18. O-O-O {[%clk 0:01:47]} 1-0

[Event "April 9 Early 2024"]
[Site "Chess.com"]
[Date "2024.04.09"]
[Round "4"]
[White "Kaliakhmet, Elnaz"]
[Black "Smietanska, Wiktoria"]
[Result "1-0"]
[Board "196"]
[WhiteFideId "13730169"]
[BlackFideId "21869359"]
[WhiteTitle "WFM"]
[BlackTitle "CM"]
[WhiteElo "2533"]
[BlackElo "2346"]
[WhiteTeam "KAZ"]
[BlackTeam "POL"]
[WhiteClock "0:00:15"]
[BlackClock "0:00:00"]
[Variant "Standard"]

1. d4 {[%clk 0:03:00]}  Nf6 {[%clk 0:02:58]} 2. c4 {[%clk 0:03:00]}  g6 {[%clk 0:02:58]} 3. Nc3 {[%clk 0:03:00]}  Bg7 {[%clk 0:02:58]} 4. e4 {[%clk 0:03:00]}  d6 {[%clk 0:02:58]} 5. h3 {[%clk 0:03:01]}  O-O {[%clk 0:02:57]} 6. Be3 {[%clk 0:03:01]}  e5 {[%clk 0:02:56]} 7. d5 {[%clk 0:02:58]}  a5 {[%clk 0:02:51]} 8. g4 {[%clk 0:02:53]}  h5 {[%clk 0:02:51]} 9. f3 {[%clk 0:02:51]}  Na6 {[%clk 0:02:46]} 10. Qd2 {[%clk 0:02:50]}  Nc5 {[%clk 0:02:21]} 11. O-O-O {[%clk 0:02:49]}  a4 {[%clk 0:02:20]} 12. Nge2 {[%clk 0:02:47]}  a3 {[%clk 0:02:16]} 13. b3 {[%clk 0:02:46]}  Bd7 {[%clk 0:02:10]} 14. Kb1 {[%clk 0:02:45]}  Qb8 {[%clk 0:02:00]} 15. Nc1 {[%clk 0:02:44]}  Rd8 {[%clk 0:01:47]} 16. Nd3 {[%clk 0:02:44]}  Nxd3 {[%clk 0:01:43]} 17. Bxd3 {[%clk 0:02:45]}  c6 {[%clk 0:01:43]} 18. Rhg1 {[%clk 0:02:44]}  cxd5 {[%clk 0:01:33]} 19. cxd5 {[%clk 0:02:35]}  b5 {[%clk 0:01:31]} 20. Ne2 {[%clk 0:02:31]}  b4 {[%clk 0:01:27]} 21. Ng3 {[%clk 0:02:15]}  hxg4 {[%clk 0:01:17]} 22. hxg4 {[%clk 0:02:03]}  Bb5 {[%clk 0:01:16]} 23. Nf5 {[%clk 0:01:53]}  Bxd3+ {[%clk 0:01:05]} 24. Qxd3 {[%clk 0:01:52]}  Qc7 {[%clk 0:00:45]} 25. Rc1 {[%clk 0:01:46]}  Qd7 {[%clk 0:00:44]} 26. Qd2 {[%clk 0:01:43]}  Rdc8 {[%clk 0:00:39]} 27. Rxc8+ {[%clk 0:00:58]}  Rxc8 {[%clk 0:00:39]} 28. Bh6 {[%clk 0:00:58]}  Bh8 {[%clk 0:00:35]} 29. Bg5 {[%clk 0:00:54]}  Qc7 {[%clk 0:00:25]} 30. Nh6+ {[%clk 0:00:35]}  Kf8 {[%clk 0:00:24]} 31. Be3 {[%clk 0:00:31]}  Qc3 {[%clk 0:00:22]} 32. g5 {[%clk 0:00:31]}  Nh5 {[%clk 0:00:17]} 33. Ng4 {[%clk 0:00:28]}  Nf4 {[%clk 0:00:12]} 34. Rh1 {[%clk 0:00:28]}  Bg7 {[%clk 0:00:10]} 35. Qxc3 {[%clk 0:00:22]}  Rxc3 {[%clk 0:00:09]} 36. Rc1 {[%clk 0:00:23]}  Rxc1+ {[%clk 0:00:07]} 37. Kxc1 {[%clk 0:00:23]}  Nd3+ {[%clk 0:00:06]} 38. Kd2 {[%clk 0:00:20]}  Nb2 {[%clk 0:00:05]} 39. Bb6 {[%clk 0:00:18]}  f5 {[%clk 0:00:02]} 40. gxf6 {[%clk 0:00:17]}  Bh8 {[%clk 0:00:02]} 41. Kc2 {[%clk 0:00:16]}  Kf7 {[%clk 0:00:01]} 42. Ba5 {[%clk 0:00:16]}  Bxf6 {[%clk 0:00:01]} 43. Nxf6 {[%clk 0:00:16]}  Kxf6 {[%clk 0:00:01]} 44. Bxb4 {[%clk 0:00:16]}  Kg5 {[%clk 0:00:02]} 45. Bxa3 {[%clk 0:00:17]}  Kf4 {[%clk 0:00:01]} 46. Bxb2 {[%clk 0:00:17]}  Kxf3 {[%clk 0:00:02]} 47. a4 {[%clk 0:00:17]}  g5 {[%clk 0:00:00]} 48. Ba3 {[%clk 0:00:15]} 1-0

[Event "April 9 Early 2024"]
[Site "Chess.com"]
[Date "2024.04.09"]
[Round "4"]
[White "Sovetbekova, Nurai"]
[Black "Balla, Tamas-Kristof"]
[Result "0-1"]
[Board "197"]
[WhiteFideId "13801910"]
[BlackFideId "1208497"]
[WhiteTitle "WFM"]
[BlackTitle "IM"]
[WhiteElo "2344"]
[BlackElo "2531"]
[WhiteTeam "KGZ"]
[BlackTeam "ROU"]
[WhiteClock "0:00:00"]
[BlackClock "0:00:10"]
[Variant "Standard"]

1. d4 {[%clk 0:03:00]}  d5 {[%clk 0:02:56]} 2. c4 {[%clk 0:03:01]}  e6 {[%clk 0:02:55]} 3. Nc3 {[%clk 0:03:00]}  c5 {[%clk 0:02:55]} 4. cxd5 {[%clk 0:02:57]}  exd5 {[%clk 0:02:56]} 5. Nf3 {[%clk 0:02:57]}  Nc6 {[%clk 0:02:56]} 6. a3 {[%clk 0:02:52]}  cxd4 {[%clk 0:02:49]} 7. Nxd4 {[%clk 0:02:52]}  Nf6 {[%clk 0:02:49]} 8. Bg5 {[%clk 0:02:51]}  Be7 {[%clk 0:02:48]} 9. e3 {[%clk 0:02:49]}  O-O {[%clk 0:02:45]} 10. Be2 {[%clk 0:02:47]}  h6 {[%clk 0:02:42]} 11. Bh4 {[%clk 0:02:47]}  Re8 {[%clk 0:02:41]} 12. O-O {[%clk 0:02:46]}  Be6 {[%clk 0:02:35]} 13. Bf3 {[%clk 0:02:37]}  Qb6 {[%clk 0:02:29]} 14. Nxe6 {[%clk 0:02:34]}  fxe6 {[%clk 0:02:28]} 15. b4 {[%clk 0:02:10]}  Rad8 {[%clk 0:02:27]} 16. Qb3 {[%clk 0:01:29]}  Kh8 {[%clk 0:02:18]} 17. Rfd1 {[%clk 0:01:28]}  Ne5 {[%clk 0:02:14]} 18. Be2 {[%clk 0:01:25]}  Ng6 {[%clk 0:02:07]} 19. Bg3 {[%clk 0:01:24]}  Bd6 {[%clk 0:01:46]} 20. Bxd6 {[%clk 0:01:07]}  Qxd6 {[%clk 0:01:46]} 21. Nb5 {[%clk 0:01:01]}  Qe5 {[%clk 0:01:35]} 22. Rac1 {[%clk 0:00:47]}  a6 {[%clk 0:01:31]} 23. Nd4 {[%clk 0:00:45]}  Ne4 {[%clk 0:01:22]} 24. Nf3 {[%clk 0:00:40]}  Qf6 {[%clk 0:01:16]} 25. b5 {[%clk 0:00:39]}  Rf8 {[%clk 0:01:13]} 26. Rf1 {[%clk 0:00:35]}  e5 {[%clk 0:00:54]} 27. bxa6 {[%clk 0:00:34]}  bxa6 {[%clk 0:00:55]} 28. Rc7 {[%clk 0:00:28]}  d4 {[%clk 0:00:51]} 29. exd4 {[%clk 0:00:29]}  exd4 {[%clk 0:00:52]} 30. Qd3 {[%clk 0:00:20]}  Nc3 {[%clk 0:00:40]} 31. Qxa6 {[%clk 0:00:18]}  Rd6 {[%clk 0:00:32]} 32. Qc4 {[%clk 0:00:14]}  Nf4 {[%clk 0:00:28]} 33. Bd3 {[%clk 0:00:11]}  Nxg2 {[%clk 0:00:26]} 34. Rc8 {[%clk 0:00:07]}  Rxc8 {[%clk 0:00:20]} 35. Qxc8+ {[%clk 0:00:07]}  Rd8 {[%clk 0:00:20]} 36. Qg4 {[%clk 0:00:06]}  Nf4 {[%clk 0:00:19]} 37. Nh4 {[%clk 0:00:05]}  Nxd3 {[%clk 0:00:17]} 38. Kg2 {[%clk 0:00:03]}  Ne5 {[%clk 0:00:17]} 39. Qg3 {[%clk 0:00:03]}  Ne4 {[%clk 0:00:15]} 40. Qxe5 {[%clk 0:00:01]}  Qxh4 {[%clk 0:00:13]} 41. f3 {[%clk 0:00:01]}  Ng5 {[%clk 0:00:12]} 42. Qe7 {[%clk 0:00:01]}  Qh3+ {[%clk 0:00:11]} 43. Kg1 {[%clk 0:00:00]}  Rg8 {[%clk 0:00:10]} 0-1